000 00846nam a2200253Ia 4500
003 OSt
005 20220930092754.0
006 a|||||r|||| 00| 0
007 ta
008 220926b |||||||| |||| 00| 0 eng d
024 _a24538
037 _cTheses
040 _aCRL
_cCRL
_beng
041 _2eng
_aeng
100 _aRana Vipin
_9549665
110 _aUniversity OF Delhi. Faculty OF Medical Sciences. Department OF Ophthalmology
_9520086
245 0 _aStudy of the Various factors affecting the final outcome of therapeutic keratoplasty
260 _c2015
650 _aEYE - DISEASES
_9197938
700 _a Dr. J. K. S. Parihar Gu.
_9540720
700 _aUniversity OF Delhi. Faculty OF Medical Sciences. Department OF Ophthalmology
_9520088
942 _cDIS
_2CC
999 _c884271
_d884271